| 000 | 00752nam a22002771 4500 | ||
|---|---|---|---|
| 001 | 12784 | ||
| 003 | BD-RjUL | ||
| 005 | 20211208235345.0 | ||
| 008 | 140129s1987 enk 001 0 eng d | ||
| 020 | _a0582296242 | ||
| 035 | _a(BD-RjUL)12834 | ||
| 040 |
_aUkOxU _beng _cUkOxU _dBD-RjUL |
||
| 041 | _aeng | ||
| 082 | 0 | 0 |
_a302.1 _bROF 1987 |
| 100 | 1 |
_aRowan, Don. _939846 |
|
| 245 | 1 | 0 |
_aFears and anxieties / _cDon Rowan and Caroline Eayrs |
| 260 |
_aLondon : _bLongman, _c1987. |
||
| 300 |
_axii, 106 p ; _c18 cm. |
||
| 490 | 0 | _aLongman applied psychology | |
| 500 | _aIncludes index. | ||
| 650 | 0 |
_aAnxiety. _939847 |
|
| 650 | 0 |
_aFear. _939848 |
|
| 650 | 0 |
_aPsychiatry. _939849 |
|
| 700 | 1 |
_aEayrs, Caroline, _d1953- _939850 |
|
| 942 |
_2ddc _cBK |
||
| 999 |
_c12784 _d12784 |
||